<?xml version="1.0" encoding="UTF-8"?>
<record
    xmlns:xsi="http://www.w3.org/2001/XMLSchema-instance"
    xsi:schemaLocation="http://www.loc.gov/MARC21/slim http://www.loc.gov/standards/marcxml/schema/MARC21slim.xsd"
    xmlns="http://www.loc.gov/MARC21/slim">

  <leader>01334cam a2200337 i 4500</leader>
  <controlfield tag="001">zz2007981923</controlfield>
  <controlfield tag="003">NUKAT</controlfield>
  <controlfield tag="005">20260425222235.0</controlfield>
  <controlfield tag="008">070131s1909    pl a         |000 0 pol c</controlfield>
  <datafield tag="035" ind1=" " ind2=" ">
    <subfield code="a">(OCoLC)749574205</subfield>
  </datafield>
  <datafield tag="035" ind1=" " ind2=" ">
    <subfield code="a">(NUKAT)zz2007981923</subfield>
  </datafield>
  <datafield tag="040" ind1=" " ind2=" ">
    <subfield code="a">WA U/76MP</subfield>
    <subfield code="c">WA U/MP</subfield>
    <subfield code="d">WA U/76DP</subfield>
    <subfield code="d">KR 295/MAGs</subfield>
  </datafield>
  <datafield tag="100" ind1="1" ind2=" ">
    <subfield code="a">Merczyng, Henryk</subfield>
    <subfield code="d">(1860-1916).</subfield>
    <subfield code="9">40547</subfield>
  </datafield>
  <datafield tag="245" ind1="1" ind2="0">
    <subfield code="a">Etnograficzno-statystyczny zarys liczebno&#x15B;ci i rozsiedlenia ludno&#x15B;ci polskiej /</subfield>
    <subfield code="c">oprac. Edward Czy&#x144;ski ;  przy wsp&#xF3;&#x142;pracy T. Tillingera.</subfield>
  </datafield>
  <datafield tag="250" ind1=" " ind2=" ">
    <subfield code="a">Wyd. 2., uzup. i rozszerz.</subfield>
  </datafield>
  <datafield tag="260" ind1=" " ind2=" ">
    <subfield code="a">Warszawa :</subfield>
    <subfield code="b">[s.n.],</subfield>
    <subfield code="c">1909</subfield>
    <subfield code="e">(Warszawa :</subfield>
    <subfield code="f">Piotr Laskauer).</subfield>
  </datafield>
  <datafield tag="300" ind1=" " ind2=" ">
    <subfield code="a">115 s., [6] s. map z&#x142;o&#x17C;. ;</subfield>
    <subfield code="c">28 cm.</subfield>
  </datafield>
  <datafield tag="336" ind1=" " ind2=" ">
    <subfield code="a">Tekst</subfield>
    <subfield code="b">txt</subfield>
    <subfield code="2">rdacontent</subfield>
  </datafield>
  <datafield tag="337" ind1=" " ind2=" ">
    <subfield code="a">Bez urz&#x105;dzenia po&#x15B;rednicz&#x105;cego</subfield>
    <subfield code="b">n</subfield>
    <subfield code="2">rdamedia</subfield>
  </datafield>
  <datafield tag="338" ind1=" " ind2=" ">
    <subfield code="a">Wolumin</subfield>
    <subfield code="b">nc</subfield>
    <subfield code="2">rdacarrier</subfield>
  </datafield>
  <datafield tag="500" ind1=" " ind2=" ">
    <subfield code="a">Na s. tyt. pseud. aut.: Edward Czy&#x144;ski, nazwa aut.: Henryk Merczyng.</subfield>
  </datafield>
  <datafield tag="650" ind1=" " ind2="7">
    <subfield code="a">Demografia</subfield>
    <subfield code="2">DBN</subfield>
    <subfield code="9">40242</subfield>
  </datafield>
  <datafield tag="650" ind1=" " ind2="7">
    <subfield code="a">Etnografia</subfield>
    <subfield code="2">DBN</subfield>
    <subfield code="9">35028</subfield>
  </datafield>
  <datafield tag="650" ind1=" " ind2="7">
    <subfield code="a">Geografia ludno&#x15B;ci</subfield>
    <subfield code="2">DBN</subfield>
    <subfield code="9">40548</subfield>
  </datafield>
  <datafield tag="650" ind1=" " ind2="7">
    <subfield code="a">Geografia osadnictwa</subfield>
    <subfield code="2">DBN</subfield>
    <subfield code="9">40549</subfield>
  </datafield>
  <datafield tag="650" ind1=" " ind2="7">
    <subfield code="a">Geografia spo&#x142;eczna</subfield>
    <subfield code="2">DBN</subfield>
    <subfield code="9">40550</subfield>
  </datafield>
  <datafield tag="650" ind1=" " ind2="7">
    <subfield code="a">Statystyka</subfield>
    <subfield code="2">DBN</subfield>
    <subfield code="9">40551</subfield>
  </datafield>
  <datafield tag="651" ind1=" " ind2="7">
    <subfield code="a">Polska</subfield>
    <subfield code="x">ludno&#x15B;&#x107;</subfield>
    <subfield code="y">1870-1914</subfield>
    <subfield code="v">statystyki.</subfield>
    <subfield code="2">kaba</subfield>
    <subfield code="9">40552</subfield>
  </datafield>
  <datafield tag="700" ind1="1" ind2=" ">
    <subfield code="a">Tillinger, Tadeusz</subfield>
    <subfield code="d">(1879-1955).</subfield>
    <subfield code="9">40553</subfield>
  </datafield>
  <datafield tag="942" ind1=" " ind2=" ">
    <subfield code="2">ddc</subfield>
    <subfield code="c">BK_NM</subfield>
  </datafield>
  <datafield tag="999" ind1=" " ind2=" ">
    <subfield code="c">27776</subfield>
    <subfield code="d">27776</subfield>
  </datafield>
  <datafield tag="952" ind1=" " ind2=" ">
    <subfield code="0">0</subfield>
    <subfield code="1">0</subfield>
    <subfield code="2">ddc</subfield>
    <subfield code="4">0</subfield>
    <subfield code="7">0</subfield>
    <subfield code="8">PBKH</subfield>
    <subfield code="a">BIP</subfield>
    <subfield code="b">PBKH</subfield>
    <subfield code="d">2026-04-25</subfield>
    <subfield code="e">W-38/1964</subfield>
    <subfield code="f">W</subfield>
    <subfield code="i">16061</subfield>
    <subfield code="l">0</subfield>
    <subfield code="o">16061</subfield>
    <subfield code="p">IPWK23818</subfield>
    <subfield code="r">2026-04-25 22:23:32</subfield>
    <subfield code="w">2026-04-25</subfield>
    <subfield code="y">BK_NM</subfield>
  </datafield>
</record>
